Fellinger Károly kifogyhatatlan lírazsákja

Bibliographic Details
Main Authors: Angyal, Sándor, 1984- (Author, Interviewer), Fellinger, Károly, 1963- (Author)
Other Authors: Šenkár, Márió (Photographer)
Format: Article
Language:Hungarian
PhysicalDescription:Fotogr.
ISSN:1339-9810
Subjects:

MARC

LEADER 00000nab a2200000 a 4500
001 vtls011542194
003 SK-MaSNL
005 20260318140228.0
008 160329|2016 xo m| 000 02hun
015 |a SNBRB2016/03 
038 |a DSZK 
040 |a DSZK  |b slo  |c DSZK  |e AACR2 
041 |a hun 
044 |a xo  |c SK 
080 |a 821.511.141(437.6)-051  |2 2001 
100 1 |a Angyal, Sándor,  |d 1984-  |4 ivr  |4 aut  |9 109434 
245 1 0 |a Fellinger Károly kifogyhatatlan lírazsákja  |c Angyal Sanyi, Fellinger Károly ; fotók Šenkár Márió 
300 |b Fotogr. 
600 1 7 |a Fellinger, Károly,  |d 1963-  |2 dszk  |9 104282 
650 0 7 |a maďarskí spisovatelia  |z Slovensko  |2 dszk  |9 317253 
651 7 |a Jelka (Slovensko)  |2 SNKPH  |9 70952 
700 1 |a Fellinger, Károly,  |d 1963-  |4 ive  |4 aut  |9 104282 
700 1 |a Šenkár, Márió  |4 pht  |9 1106476 
773 0 |t Klikk out  |g Évf. 6, sz. 3 (2016), o. 6-10  |x 1339-9810 
852 |a DSZK  |b KIS3GCP 
958 |a HU 
958 |a SK 
958 |a LX 
999 |c 1820113  |d 1822043